Nutritional biochemistry of the vitamins

Đã lưu trong:
書目詳細資料
主要作者: Bender, David A.
格式: 圖書
語言:Undetermined
出版: New York Cambridge University Press 2003
主題:
標簽: 添加標簽
沒有標簽, 成為第一個標記此記錄!
Thư viện lưu trữ: Trung tâm Học liệu Trường Đại học Cần Thơ
LEADER 00510nam a2200181Ia 4500
001 CTU_98649
008 210402s9999 xx 000 0 und d
082 |a 613.286 
082 |b B458 
100 |a Bender, David A. 
245 0 |a Nutritional biochemistry of the vitamins 
245 0 |c David A. Bender 
260 |a New York 
260 |b Cambridge University Press 
260 |c 2003 
650 |a Vitamins in human nutrition 
904 |i Tuyến 
980 |a Trung tâm Học liệu Trường Đại học Cần Thơ